[Event "TCh-AUT 2009-10"]
[Site "Graz AUT"]
[Date "2010.01.17"]
[Round "7"]
[White "Buhmann,R"]
[Black "Schneider,Il"]
[Result "1-0"]
[WhiteElo "2603"]
[BlackElo "2496"]

1.Nf3 Nf6 2.c4 c6 3.d4 d5 4.Nc3 a6 5.a4 e6 6.Bg5 a5 7.e3 Be7 8.Be2 b6 9.O-O Bb7
10.Qb3 O-O 11.Rfd1 Na6 12.Rac1 Nb4 13.h3 Ba6 14.Bf1 Rc8 15.cxd5 Bxf1 16.d6 Bxd6
17.Kxf1 h6 18.Bxf6 Qxf6 19.Ne4 Qe7 20.Ne5 Rfd8 21.f4 Qb7 22.Nxd6 Rxd6 23.Kg1 Rd5
24.e4 Rdd8 25.Qe3 Na2 26.Rc2 c5 27.Rcd2 cxd4 28.Rxd4 Qc7 29.Rd7 Rxd7 30.Rxd7 Qc1+
31.Qxc1 Nxc1 32.Kf2 Rc2+ 33.Kf3 Rxb2 34.Rd8+ Kh7 35.Nxf7 Rb3+ 36.Kg4 Kg6
37.Ne5+ Kh7 38.f5 exf5+ 39.exf5 Rb4+ 40.Kf3 Ne2 41.g4 Nf4 42.h4 g5 43.fxg6+ Kg7
44.Rd7+  1-0

[Event "8th Parsvnath Open"]
[Site "New Delhi IND"]
[Date "2010.01.17"]
[Round "6"]
[White "Maheswaran,P"]
[Black "Lakshmanrao,D"]
[Result "1/2-1/2"]
[WhiteElo "2355"]
[BlackElo "2213"]

1.d4 d5 2.c4 c6 3.Nf3 Nf6 4.Nc3 a6 5.c5 Bf5 6.Bf4 Nbd7 7.e3 e6 8.Be2 Be7
9.O-O O-O 10.Nd2 h6 11.b4 Re8 12.Bg3 Bf8 13.Re1 e5 14.Nb3 g5 15.a4 Bg7 16.b5 axb5
17.axb5 Rxa1 18.Qxa1 Ne4 19.Nxe4 Bxe4 20.bxc6 bxc6 21.Qa6 Nb8 22.Qb7 Bc2
23.Na1 Bf5 24.Bxe5 Bxe5 25.dxe5 Qa5 26.Rf1 Qxc5 27.Nb3 Qe7 28.Qxe7 Rxe7 29.f4 gxf4
30.exf4 Rb7 31.Nd4 Bd7 32.f5 c5 33.e6 Be8 34.exf7+ Rxf7 35.Nb5 Re7 36.Bf3 Nc6
37.Rc1 c4 38.Rd1 Rd7 39.Nc3 Nb4 40.g4 Kg7 41.h4 Kf6 42.Kf2 Nd3+ 43.Kg3  1/2-1/2

[Event "46th ch-CUB"]
[Site "Ciego de Avila CUB"]
[Date "2010.01.19"]
[Round "7"]
[White "Almeida Quintana,O"]
[Black "Gomez Garrido,C"]
[Result "1-0"]
[WhiteElo "2524"]
[BlackElo "2461"]

1.d4 d5 2.c4 c6 3.Nf3 Nf6 4.Nc3 a6 5.Ne5 Nbd7 6.Bf4 e6 7.e3 Nxe5 8.Bxe5 Bd6
9.Bxd6 Qxd6 10.c5 Qe7 11.f4 Nd7 12.Bd3 O-O 13.O-O f6 14.Kh1 e5 15.f5 a5 16.Na4 Re8
17.Qd2 e4 18.Be2 Nf8 19.Bg4 Rd8 20.a3 Bd7 21.b4 axb4 22.axb4 g6 23.Qf2 h5
24.Be2 Bxf5 25.Bxh5 b5 26.cxb6 Qxb4 27.Qc2 gxh5 28.Rxf5 Qxb6 29.Rxf6 Qb4
30.Qxc6 Rac8 31.Rg6+ Nxg6 32.Qxg6+ Kh8 33.Nc5 Qc3 34.Qh6+ Kg8 35.Rf1 Qc4
36.Qg6+ Kh8 37.Qxh5+ Kg8 38.Qf7+ Kh8 39.Ne6 Rd7 40.Qf6+ Kg8 41.h3 Qa6 42.Qg6+ Kh8
43.Qh6+ Kg8 44.Rf8+ Rxf8 45.Qxf8+ Kh7 46.Ng5+ Kg6 47.Qe8+ Kxg5 48.Qxd7 Qc4
49.Qg7+ Kh5 50.Kh2 Qe2 51.Qe5+ Kh4 52.Qf4+ Kh5 53.h4 Kg6 54.Qg5+ Kh7 55.Kg3 Qc4
56.Kf4 Qc7+ 57.Kf5 Qd6 58.g3 Qc7 59.Qg6+ Kh8 60.Qe8+ Kh7 61.h5 Qc1 62.Qf7+ Kh8
63.Kg6  1-0

[Event "8th Parsvnath Open"]
[Site "New Delhi IND"]
[Date "2010.01.21"]
[Round "10"]
[White "Bitan,B"]
[Black "Dimakiling,O"]
[Result "0-1"]
[WhiteElo "2316"]
[BlackElo "2435"]

1.d4 Nf6 2.c4 c6 3.Nc3 d5 4.Nf3 a6 5.c5 g6 6.h3 Bg7 7.Bf4 Nbd7 8.e3 b6 9.cxb6 Qxb6
10.Qc2 c5 11.Be2 cxd4 12.exd4 Bb7 13.Na4 Qb4+ 14.Bd2 Qd6 15.O-O Ne4 16.Ba5 O-O
17.b4 e5 18.Nc5 Qc6 19.dxe5 Nxe5 20.Nd4 Qc8 21.Rac1 Bh6 22.Rcd1 Re8 23.Bd3 Bg7
24.Be2 h5 25.Rfe1 h4 26.Bf1 Bf8 27.Rc1 Bh6 28.Rcd1 Bg7 29.Rc1 Bh6 30.Rcd1 Kh7
31.a3 Bg5 32.Qb2 Re7 33.Nxb7 Qxb7 34.f3 Ng3 35.Qf2 Nxf1 36.Rxf1 Ng4 37.Qb2 Ne3
38.f4 Nxd1 39.Rxd1 Bxf4  0-1

[Event "LX Abto de Verano"]
[Site "Villa Ballester ARG"]
[Date "2010.01.24"]
[Round "4"]
[White "Muller,T"]
[Black "Aparicio,A"]
[Result "0-1"]
[WhiteElo "2065"]
[BlackElo "2274"]

1.d4 d5 2.c4 c6 3.Nc3 Nf6 4.Nf3 a6 5.e3 b5 6.b3 Bg4 7.Be2 e6 8.O-O Nbd7 9.Bb2 Qb8
10.Qc2 Bd6 11.h3 Bf5 12.Qc1 h6 13.Re1 O-O 14.Bf1 Ra7 15.a3 Re8 16.Qd2 Rb7
17.c5 Bc7 18.b4 e5 19.dxe5 Nxe5 20.Nd4 Bd7 21.f4 Nc4 22.Bxc4 dxc4 23.Qf2 Ne4
24.Qf3 Nd2 25.Qf2 Nb3 26.Rad1 Bd8 27.Qf3 Nxd4 28.Rxd4 Bf6 29.Rd6 Re6 30.Rxe6 fxe6
31.e4 Bd4+ 32.Kh1 e5 33.f5 Be8 34.Bc1 Qd8 35.Qg3 Bh5 36.Ne2 Bxe2 37.Rxe2 Qf6
38.Bb2 Bxb2 39.Rxb2 Rd7 40.a4 Rd3 41.Qg4 Qg5 42.Qe2 Qc1+ 43.Kh2 Qf4+ 44.Kh1 Re3
45.Qf2 Qxf2 46.Rxf2 Rxe4 47.axb5 axb5 48.g4 c3 49.Rc2 Rxb4 50.Rxc3 Rc4 51.Re3 Rxc5
52.Kg2 b4 53.Kf2 Rb5 54.Re1 Kf7 55.Ke3 b3 56.Kd3 Kf6 57.h4 b2 58.Rb1 h5  0-1

[Event "2nd Chennai Open"]
[Site "Chennai IND"]
[Date "2010.01.25"]
[Round "1"]
[White "Vijayalakshmi,S"]
[Black "Balamurugan,M"]
[Result "1-0"]
[WhiteElo "2464"]
[BlackElo "1840"]

1.d4 d5 2.c4 c6 3.Nf3 Nf6 4.Nc3 a6 5.e3 b5 6.b3 Bg4 7.Be2 Nbd7 8.h3 Bxf3
9.Bxf3 e6 10.O-O Be7 11.Qc2 Rc8 12.e4 O-O 13.e5 Ne8 14.c5 f6 15.exf6 Bxf6
16.Be3 e5 17.Ne2 Nc7 18.Bg4 Qe7 19.dxe5 Bxe5 20.Nd4 Bxd4 21.Bxd4 Rce8 22.Qc3 Qf7
23.Bxg7 b4 24.Qg3 Qxg7 25.Qxc7 Ne5 26.Qxg7+ Kxg7 27.a3 Nxg4 28.hxg4 a5 29.axb4 axb4
30.Ra6 Rf6 31.Rb6 Rd8 32.Rxb4 d4 33.Rd1 d3 34.Re4 Rf7 35.f3 Ra7 36.Re6 Ra2
37.Rxc6 Rc2 38.Rd6 Re8 39.Kh2 Ree2 40.Kg3 Rxg2+ 41.Kf4 Rxc5 42.Rd7+ Kg8 43.R1xd3 Re2
44.Ra7 Re8 45.Rdd7 Rb8 46.Rg7+ Kh8 47.Rxh7+ Kg8 48.Rag7+ Kf8 49.Rh8+  1-0

[Event "2nd Chennai Open"]
[Site "Chennai IND"]
[Date "2010.01.26"]
[Round "2"]
[White "Bhagwat,V"]
[Black "Himanshu,Sh"]
[Result "1-0"]
[WhiteElo "2170"]
[BlackElo "2457"]

1.d4 d5 2.c4 c6 3.Nc3 Nf6 4.Nf3 a6 5.Ne5 Nbd7 6.Bf4 dxc4 7.Nxc4 b5 8.Ne5 Bb7
9.e3 e6 10.Qf3 Qb6 11.Nxd7 Nxd7 12.Bd3 c5 13.Be4 Bxe4 14.Nxe4 Rc8 15.O-O c4
16.Rfd1 f6 17.Qh5+ g6 18.Qh3 Rd8 19.Bd6 f5 20.Bxf8 Nxf8 21.Ng5 h6 22.e4 fxe4
23.Nxe4 Rxd4 24.Rxd4 Qxd4 25.Qf3 Qd3 26.Qf4 g5 27.Qe5 Kf7 28.Qxh8 Qxe4 29.Qxh6 Qe5
30.Qh5+ Ng6 31.Rd1 Qxb2 32.Qxg5 Ne5 33.Qf4+ Ke7 34.Qh4+ Kf7 35.Qh7+ Kf6 36.Re1 Ng6
37.Qd7 e5 38.Qd6+ Kg7 39.h4 Nxh4 40.Qe7+ Kg6 41.Qxh4  1-0

[Event "8th Gibtelecom Masters"]
[Site "Caleta ENG"]
[Date "2010.01.31"]
[Round "6"]
[White "Sarkar,J"]
[Black "Urbina Perez,J"]
[Result "1-0"]
[WhiteElo "2378"]
[BlackElo "2197"]

1.d4 d5 2.c4 c6 3.Nf3 Nf6 4.Nc3 a6 5.c5 Nbd7 6.Bf4 Nh5 7.Qd2 Nxf4 8.Qxf4 g6
9.e4 dxe4 10.Bc4 Nf6 11.Ne5 e6 12.Nxe4 Be7 13.O-O O-O 14.Nxf6+ Bxf6 15.b4 Bg7
16.a4 f6 17.Nf3 Kh8 18.Qe3 Qc7 19.Rfe1 Re8 20.a5 Re7 21.Qb3 Bd7 22.Bxe6 Rae8
23.Bf7 Rxe1+ 24.Rxe1 Rxe1+ 25.Nxe1 f5 26.Qe3 Bf6 27.Qh6 Bg7 28.Qh4 h6 29.Qe7 Qc8
30.Bxg6 Be6 31.Nf3 Qd7 32.Qxd7 Bxd7 33.Ne5 Be6 34.f4 Kg8 35.Kf2 Kf8 36.Ke3 Ke7
37.h3 Bf6 38.g4 fxg4 39.hxg4 Bh4 40.Nf3 Bg3 41.g5 hxg5 42.fxg5 Bg4 43.Be4 Bxf3
44.Bxf3 Be1 45.b5 cxb5 46.Bxb7 Bxa5 47.Bxa6 b4 48.Bc4 Bc7 49.Ke4  1-0

[Event "2nd Chennai Open"]
[Site "Chennai IND"]
[Date "2010.02.01"]
[Round "9"]
[White "Bitan,B"]
[Black "Himanshu,Sh"]
[Result "1/2-1/2"]
[WhiteElo "2316"]
[BlackElo "2457"]

1.d4 d5 2.c4 c6 3.Nf3 Nf6 4.Nc3 a6 5.Bd2 g6 6.Qb3 Bg7 7.g3 O-O 8.Bg2 Ne4
9.Bf4 a5 10.cxd5 Nxc3 11.bxc3 cxd5 12.a4 Nc6 13.O-O Ra7 14.Nd2 Be6 15.Qb5 h6
16.Nb3 g5 17.Be3 Bf6 18.Nc5 Bc8 19.Rab1 e6 20.Bc1 Kg7 21.e4 dxe4 22.Nxe4 Be7
23.Nc5 Qc7 24.Be3 Nd8 25.Rfd1 Ra8 26.d5 exd5 27.Bxd5 Bf6 28.Ne4 Bd7 29.Qb3 Bc6
30.Bb6 Qc8 31.Bxc6 bxc6 32.Nxf6 Kxf6 33.Rd6+ Kg7 34.Bd4+ f6 35.Re1 Qc7 36.Qa3 Kg6
37.Rd7 Qxd7 38.Qxf8 Qf7 39.Re8 Rb8 40.Kg2 Qd5+ 41.f3 Qf7 42.c4 c5 43.Bxc5 Rb2+
44.Bf2 Qxf8 45.Rxf8 Ne6 46.Ra8 Nc5 47.Kf1 Rb1+ 48.Ke2 Rb2+ 49.Ke3 Nxa4 50.Rxa5 Nb6
51.Rc5 Rc2 52.Be1 Rxc4 53.Rxc4 Nxc4+ 54.Kf2 f5 55.Bc3 g4 56.fxg4 fxg4 57.Bd4 Kf5
58.Kg2 Ke4 59.Ba7 h5 60.h3 Ne3+ 61.Kf2 Nd1+ 62.Kg2 Kd3 63.hxg4 hxg4 64.Kf1 Nc3
65.Bb6 Ne4 66.Kg2 Ke2 67.Bc7 Nc3 68.Bd6 Nd1 69.Be5 Ne3+ 70.Kg1 Kf3 71.Bb8 Nf5
72.Kh2 Kf2 73.Ba7+ Ne3 74.Bb6 Kf3 75.Kg1 Nf5 76.Bc7 Nxg3 77.Bb8 Ne2+ 78.Kf1  1/2-1/2

[Event "8th Gibtelecom Masters"]
[Site "Caleta ENG"]
[Date "2010.02.02"]
[Round "8"]
[White "Tjolsen,K"]
[Black "Houska,Jo"]
[Result "0-1"]
[WhiteElo "2212"]
[BlackElo "2401"]

1.d4 d5 2.c4 c6 3.Nf3 Nf6 4.Nc3 a6 5.e3 b5 6.c5 g6 7.h3 Bg7 8.Bd3 O-O 9.O-O Nbd7
10.Ne2 a5 11.Bd2 Ne4 12.Qc2 Nxd2 13.Qxd2 e5 14.dxe5 Nxe5 15.Nfd4 Re8 16.Rfd1 Bd7
17.b3 Qe7 18.Rac1 a4 19.Nf4 Qg5 20.Bf1 axb3 21.axb3 Qf6 22.Ra1 Bf8 23.Qc3 Qe7
24.Rac1 Rec8 25.Nd3 Nxd3 26.Qxd3 Ra7 27.g3 h5 28.Bg2 Bg7 29.Rc2 Ra3 30.Rcc1 Qe5
31.Rd2 Re8 32.Qf1 Qc7 33.Qd1 Be6 34.b4 Ra4 35.Rb1 Bxd4 36.Rxd4 Rea8 37.Qf3 Bf5
38.Rbd1 Bc2 39.Rc1 Ra2 40.Qf6 Bf5 41.Rcd1 Re2 42.g4 Raa2 43.Rf4 hxg4 44.hxg4 Bxg4
45.Bxd5 cxd5 46.Rxd5 Re1+ 47.Kg2 Rd1 48.Rxd1 Bxd1 49.Rh4 Bh5 50.Rd4 Ra8 51.c6 Rc8
52.Kg1 Rf8 53.Kg2 Qc8 54.Kg3 Qb8+ 55.f4 Qe8 56.e4 Qa8 57.Rd3 Kh7 58.Qd6 Qc8
59.f5 gxf5 60.Rd5 Rg8+ 61.Kh4 Bg6 62.Kg5 fxe4 63.Kf6 Qh3 64.Ke7 Qh4+ 65.Kd7 Qd8+  0-1

[Event "8th Gibtelecom Masters"]
[Site "Caleta ENG"]
[Date "2010.02.04"]
[Round "10"]
[White "Fridman,D2"]
[Black "Lenderman,A"]
[Result "0-1"]
[WhiteElo "2654"]
[BlackElo "2560"]

1.d4 d5 2.c4 c6 3.Nc3 Nf6 4.Nf3 a6 5.a4 e6 6.g3 Nbd7 7.Bg2 Bb4 8.O-O a5 9.Nd2 b6
10.e4 dxc4 11.Nxc4 Ba6 12.Qb3 O-O 13.Rd1 Qe7 14.Na2 Rfd8 15.Bf4 h6 16.Rac1 Ne8
17.Nxb4 Qxb4 18.Qa2 Nc5 19.Nxb6 Qxb6 20.dxc5 Rxd1+ 21.Rxd1 Qxc5 22.Qb3 Nf6
23.Rc1 Qd4 24.Be3 Qd3 25.Qb6 Ng4 26.Bd4 Qd2 27.Ra1 c5 28.Bxc5 Ne5 29.Be3 Qc2
30.Bd4 Nc4 31.Qc7 Rc8 32.Qa7 Rd8 33.Bxg7 Kxg7 34.Qxa6 Rd2 35.Qa7 Qxb2 36.Rf1 Rc2
37.h4 Qe5 38.Rd1 Ra2 39.Rd4 Ne3 40.Rd7 Qa1+ 41.Kh2 Ng4+ 42.Kh3 Nxf2+ 43.Kh2 Ng4+
44.Kh3 Ne5 45.Rb7 Qd1 46.Qb8 Qg4+ 47.Kh2 Nf3+ 48.Kh1 Qh3+  0-1

[Event "TCh-Eur Seniors"]
[Site "Dresden GER"]
[Date "2010.02.13"]
[Round "4"]
[White "Baumbach,F"]
[Black "Meier,Wolfgang1"]
[Result "1/2-1/2"]
[WhiteElo "2261"]
[BlackElo "2199"]

1.d4 d5 2.c4 c6 3.Nf3 Nf6 4.Nc3 a6 5.e3 b5 6.cxd5 cxd5 7.Qb3 e6 8.Bd3 Nc6
9.O-O Be7 10.Bd2 O-O 11.Rac1 Na5 12.Qc2 Nc4 13.a4 b4 14.Nb1 Nxd2 15.Nbxd2 Bd7
16.b3 Rc8 17.Qb2 Rxc1 18.Rxc1 Bc8 19.Ne5 Bd6 20.Ndf3 Bb7 21.Nc6 Qa8 22.Nce5  1/2-1/2

[Event "US Amateur Team-ch East"]
[Site "Parsippany USA"]
[Date "2010.02.13"]
[Round "1"]
[White "Sarkar,J"]
[Black "Kats,A"]
[Result "1-0"]
[WhiteElo "2388"]
[BlackElo "1989"]

1.d4 d5 2.c4 c6 3.Nf3 Nf6 4.Nc3 a6 5.c5 g6 6.Bf4 Bg7 7.e3 Nbd7 8.h3 O-O 9.Bd3 Re8
10.Bh2 b6 11.b4 bxc5 12.bxc5 Nxc5 13.dxc5 Ne4 14.Nxe4 dxe4 15.Bxe4 Qa5+ 16.Ke2 Bxa1
17.Qxa1 Be6 18.Rc1 Red8 19.Nd4 Bd5 20.Bxd5 Rxd5 21.Qc3 Qxa2+ 22.Kf1 Rad8
23.Bc7 R8d7 24.Bb6 Rg5 25.e4 Qa4 26.Nf3 Rd1+ 27.Rxd1 Qxd1+ 28.Ne1 Qa4 29.f4 Rh5
30.Qd3 Rh4 31.Bc7 f6 32.Nf3 Qa1+ 33.Kf2 Rh5 34.Qd7 Qb2+ 35.Kg3 Kf8 36.Bd6 exd6
37.cxd6 Rb5 38.Qe7+ Kg8 39.d7 Rb8 40.d8=R+ Rxd8 41.Qxd8+ Kg7 42.Qd7+ Kh6
43.e5  1-0

[Event "Uxbridge Int Alekhine"]
[Site "Uxbridge ENG"]
[Date "2010.02.15"]
[Round "5"]
[White "Gormally,D"]
[Black "Byron,A"]
[Result "1-0"]
[WhiteElo "2479"]
[BlackElo "2196"]

1.d4 d5 2.c4 c6 3.Nf3 Nf6 4.Nc3 a6 5.a4 e6 6.Bg5 Bb4 7.Qb3 Qa5 8.Bxf6 gxf6
9.e3 Be7 10.Bd3 Rg8 11.O-O dxc4 12.Bxc4 Qb4 13.Qa2 a5 14.Rac1 Nd7 15.Ne1 Nb6
16.Bb3 f5 17.Nd3 Qd6 18.Rfe1 Nd5 19.Qb1 Nf6 20.Rcd1 b6 21.Ne5 Rg7 22.e4 fxe4
23.Bc2 Bb7 24.Nxe4 Nxe4 25.Bxe4 h6 26.Qc1 Bg5 27.Qc3 Rc8 28.Nc4 Qd8 29.b4 axb4
30.Qxb4 Be7 31.Qb2 Kf8 32.Nxb6 Rb8 33.a5 Qc7 34.Qc3 Kg8 35.d5 Bd6 36.dxe6 fxe6
37.g3 Rf8 38.Qd4 Be7 39.Qc4 Bc8 40.Nxc8 Qxc8 41.Bxc6 Rg6 42.a6 Qc7 43.Rxe6 Rxe6
44.Qxe6+  1-0

[Event "NordWest-Cup"]
[Site "Bad Zwischenahn GER"]
[Date "2010.02.21"]
[Round "6"]
[White "Manolache,M"]
[Black "Schneider,Il"]
[Result "1-0"]
[WhiteElo "2539"]
[BlackElo "2499"]

1.d4 d5 2.c4 c6 3.Nc3 Nf6 4.Nf3 a6 5.h3 e6 6.c5 b6 7.cxb6 Nbd7 8.e3 Qxb6
9.Bd3 c5 10.Na4 Qa7 11.O-O c4 12.Bc2 Bd6 13.b3 cxb3 14.axb3 Bb7 15.Bd2 Bc6
16.Bd3 O-O 17.b4 e5 18.Nc5 Bxc5 19.Nxe5 Nxe5 20.dxe5 Nd7 21.Rxa6 Qc7 22.Rxa8 Bxa8
23.bxc5 Nxe5 24.Bc2 Nc4 25.Bc3  1-0

[Event "18th Fajr Open"]
[Site "Mashhad IRI"]
[Date "2010.02.22"]
[Round "5"]
[White "Mahjoob,M"]
[Black "Mirzoev,A"]
[Result "1-0"]
[WhiteElo "2512"]
[BlackElo "2594"]

1.d4 d5 2.c4 c6 3.Nf3 Nf6 4.Nc3 a6 5.e3 Bf5 6.Bd3 Bxd3 7.Qxd3 e6 8.e4 dxe4
9.Nxe4 Nxe4 10.Qxe4 Bb4+ 11.Bd2 Bxd2+ 12.Nxd2 Nd7 13.O-O O-O 14.Nf3 Qb6 15.Qc2 Rfd8
16.Rad1 Nf8 17.Rd3 Ng6 18.Rfd1 h6 19.g3 Qc7 20.Qe2 Qa5 21.b3 Qh5 22.Qe4 Rd7
23.b4 Nf8 24.Ne5 Rdd8 25.Qf4 f6 26.Ng4 a5 27.a3 axb4 28.axb4 Qg6 29.Qf3 Ra7
30.Rb3 Qc2 31.Qd3 Qxd3 32.Rdxd3 b5 33.Ne3 Nd7 34.cxb5 cxb5 35.Rdc3 Ra2 36.Ra3 Rxa3
37.Rxa3 Nb6 38.Ra5 Rxd4 39.Rxb5 Na4 40.Rb7 Nc3 41.b5 Rb4 42.Re7 Ne2+ 43.Kg2 Nd4
44.Rd7 Nxb5 45.Rb7 Rb3 46.g4 Nd4 47.Rxb3 Nxb3 48.f4 Kf7 49.h4 Ke7 50.Kf3 Nd2+
51.Ke2 Ne4 52.Kf3 Nd6 53.f5 e5 54.h5 Kd7 55.Nd5 Kc6 56.Ne7+ Kc5 57.Ke3 Nc4+
58.Ke4 Kd6 59.Ng6 Nb6 60.Ke3 Nd5+ 61.Ke4 Ne7 62.Nf8 Nd5 63.Ng6 Nf4 64.Nh4 Kc5
65.Nf3 Kd6 66.Nh4 Nh3 67.Ng6 Ng5+ 68.Ke3 Nf7 69.Nf8 Nd8 70.Ke4 Nb7 71.Ng6 Nc5+
72.Ke3 Kd5 73.Ne7+ Kc4 74.Ng6 Nd7 75.Ke4 Kc3 76.Ke3 Kc2 77.Ne7 Kd1 78.Nd5 Ke1
79.Nc7 Kf1 80.Kf3 e4+ 81.Kxe4 Kf2 82.Kf4 Nb6 83.Ne8 Nd5+ 84.Ke4 Ne7 85.Nxg7 Kg3
86.g5 fxg5 87.f6 Ng8 88.f7 Nf6+ 89.Kf5 Nd7 90.Ke6 Nf8+ 91.Ke7 Nh7 92.Ne6 g4
93.Nf8  1-0

[Event "18th Fajr Open"]
[Site "Mashhad IRI"]
[Date "2010.02.26"]
[Round "10"]
[White "Marfavi,J"]
[Black "Mahdavirad,M"]
[Result "1-0"]
[WhiteElo "2100"]
[BlackElo "2204"]

1.d4 d5 2.c4 c6 3.Nf3 Nf6 4.Nc3 a6 5.a4 e6 6.Bg5 Bb4 7.Qb3 a5 8.e3 h6 9.Bh4 Nbd7
10.Bd3 b6 11.cxd5 exd5 12.O-O O-O 13.Rac1 Bb7 14.Bf5 Ba6 15.Rfd1 Re8 16.Nb1 Be2
17.Rd2 Bxf3 18.gxf3 Bxd2 19.Nxd2 Qc7 20.Kh1 Qd6 21.Bg3 Qb4 22.Qc2 b5 23.b3 Ra7
24.h4 Rb7 25.Rb1 Rb6 26.Bc7 Ra6 27.Rg1 Qe7 28.Nf1 Nh5 29.Nh2 bxa4 30.bxa4 c5
31.Bxd7 Qxd7 32.Be5 f6 33.Bg3 cxd4 34.exd4 Qh3 35.Qg6 Nxg3+ 36.Rxg3 Re1+
37.Rg1 Rae6  1-0

[Event "TCh-NED 2009-10"]
[Site "Netherlands NED"]
[Date "2010.03.06"]
[Round "7"]
[White "Van der Stricht,G"]
[Black "Van Wessel,R"]
[Result "1/2-1/2"]
[WhiteElo "2393"]
[BlackElo "2340"]

1.d4 d5 2.c4 c6 3.Nf3 Nf6 4.Nc3 a6 5.e3 b5 6.c5 g6 7.Bd2 Bg7 8.b4 Bg4 9.a4 Nbd7
10.Be2 O-O 11.O-O Ne8 12.axb5 axb5 13.e4 dxe4 14.Nxe4 Nc7 15.Qb3 Be6 16.Qb2 Bd5
17.Nc3 e6 18.Bg5 Qc8 19.Qd2 Re8 20.Bh6 Bh8 21.h4 Rxa1 22.Rxa1 e5 23.dxe5 Nxe5
24.Nxe5 Bxe5 25.Bf4 Bxc3 26.Qxc3 Rxe2 27.Bxc7 Re8 28.Bg3 Qg4 29.Kh2 h6 30.f3 Qf5
31.Re1 Rxe1 32.Qxe1 Qe6 33.Qd2 Kh7 34.Qf4 Qf5 35.Qb8 g5 36.Be5 gxh4 37.Qh8+ Kg6
38.Qg7+ Kh5 39.Bd6 Qg5 40.Qh8 f6 41.Qe8+ Qg6 42.Qe3 Qf5  1/2-1/2

[Event "FSGM March"]
[Site "Budapest HUN"]
[Date "2010.03.10"]
[Round "5"]
[White "Kislik,E"]
[Black "Konnyu,J"]
[Result "1-0"]
[WhiteElo "2370"]
[BlackElo "2366"]

1.d4 d5 2.c4 c6 3.Nf3 Nf6 4.Nc3 a6 5.e3 b5 6.b3 Nbd7 7.Bd3 e6 8.O-O Bd6 9.a3 Bb7
10.e4 dxe4 11.Nxe4 Nxe4 12.Bxe4 Nf6 13.Qe2 Qc7 14.c5 Be7 15.g3 O-O 16.Kg2 Nd5
17.h4 Bf6 18.Rh1 Rad8 19.Bg5 Be7 20.Rae1 Bc8 21.Bc2 f6 22.Bc1 g6 23.Bd3 Rf7
24.Qc2 Bf8 25.Re2 Re8 26.h5 g5 27.Bxh7+ Rxh7 28.Qg6+ Rg7 29.Qxe8 Bd7 30.Qa8 Bc8
31.h6 Re7 32.Bxg5 fxg5 33.h7+ Kh8 34.Ne5 Rxh7 35.Ng6+ Kg8 36.Nxf8 Rxh1 37.Nxe6 Qd7
38.Kxh1 Ne7 39.Qb8 Qd5+ 40.Kg1 Kf7 41.Re5  1-0

[Event "IGM Apatin & Vukovar"]
[Site "Banja Junakovic/Vukovar SRB/CRO"]
[Date "2010.03.19"]
[Round "9"]
[White "Martinovic,Sl"]
[Black "Szuhanek,R"]
[Result "0-1"]
[WhiteElo "2438"]
[BlackElo "2496"]

1.d4 d5 2.c4 c6 3.Nf3 Nf6 4.Nc3 a6 5.e3 b5 6.c5 g6 7.Qb3 a5 8.Ne5 Bg7 9.Nxb5 cxb5
10.Bxb5+ Kf8 11.O-O Ba6 12.a4 Bc8 13.f3 Be6 14.c6 Na6 15.Bd2 Bh6 16.Rfc1 Kg7
17.h4 Ne8 18.Ng4 Qb6 19.Nxh6 Kxh6 20.Qc3 Nb4 21.Qc5 Qxc5 22.Rxc5 Nc7 23.b3 Kg7
24.Be1 Nca6 25.Rcc1 Rhc8 26.e4 Nc7 27.Bd2 dxe4 28.fxe4 Bxb3 29.Rab1 Ba2 30.Rb2 f5
31.Rc5 Be6 32.d5 Bf7 33.Bc3+ Kf8 34.exf5 Nxb5 35.Bxb4 Nd6 36.fxg6 axb4 37.gxf7 Rxa4
38.Rc1 Ne4 39.Rf1 h5 40.Rf4 Ra1+ 41.Kh2 Nf6 42.Rd4 Ra4 43.d6 exd6 44.Rxd6 Ng4+
45.Kg3 Kxf7 46.Re2 Ra3+ 47.Kf4 Rf8 48.c7 Rc3 49.Rd8 Rxc7 50.Rxf8+ Kxf8 51.Ra2 Rb7
52.Ke4 b3 53.Rb2 Rb4+  0-1

[Event "ch-Moscow KO"]
[Site "Moscow RUS"]
[Date "2010.03.25"]
[Round "1.1"]
[White "Mozharov,M"]
[Black "Belous,V"]
[Result "0-1"]
[WhiteElo "2474"]
[BlackElo "2471"]

1.d4 Nf6 2.c4 c6 3.Nc3 d5 4.Nf3 a6 5.c5 Nbd7 6.Bf4 Nh5 7.Bg5 g6 8.e4 dxe4
9.Nxe4 Ndf6 10.Nxf6+ exf6 11.Be3 Be6 12.Be2 Ng7 13.Bf4 Bd5 14.O-O Ne6 15.Be3 Bg7
16.Nd2 O-O 17.Nc4 f5 18.Nb6 f4 19.Bd2 Qg5 20.Nxd5 Qxd5 21.Rc1 Rad8 22.Bc4 Qf5
23.Ba5 Rxd4 24.Bxe6 fxe6 25.Qb3 Rd3 26.Qc4 f3 27.Rfe1 Rd5 28.Qe4 Qxe4 29.Rxe4 Bxb2
30.Rb1 Bd4 31.Rxb7 Rxc5 32.gxf3 e5 33.Bd2 Rxf3 34.Be3 Bxe3 35.fxe3 Rf7 36.Rb6 Rd7
37.Kg2 a5 38.Ra6 Rd2+ 39.Kg3 Rxa2 40.Ra7 Rb2 41.Ra4 Re2 42.Ra3 e4 43.Rb3 Rb5
44.Rc3 Rf5 45.Rxc6 Rxe3+ 46.Kg4 Rf7 47.Rxa5 Kg7 48.h3 Re2 49.Rc3 Rg2+ 50.Rg3 h5+
51.Kh4 Rf4+ 52.Kg5 Rf5+  0-1

[Event "ch-Moscow KO"]
[Site "Moscow RUS"]
[Date "2010.03.25"]
[Round "1.4"]
[White "Mozharov,M"]
[Black "Belous,V"]
[Result "1-0"]
[WhiteElo "2474"]
[BlackElo "2471"]

1.d4 Nf6 2.c4 c6 3.Nf3 d5 4.Nc3 a6 5.e3 b5 6.b3 Bg4 7.h3 Bxf3 8.Qxf3 e5 9.dxe5 Bb4
10.Bd2 Bxc3 11.Bxc3 Ne4 12.Bb4 bxc4 13.Qg4 g6 14.f3 h5 15.Qf4 Qb6 16.fxe4 Qxb4+
17.Kf2 O-O 18.Be2 Nd7 19.exd5 cxd5 20.Rhd1 Qc3 21.bxc4 dxc4 22.Qd4 Qxd4 23.exd4 Rfc8
24.Rab1 Rc7 25.Rdc1 c3 26.Rb3 Rac8 27.Ke3 Nf8 28.Bxa6 Ra8 29.Be2 Rxa2 30.Rbxc3 Re7
31.Rc7 Rxc7 32.Rxc7 Ne6 33.Rc8+ Kg7 34.d5 Nf8 35.Rc7 Kg8 36.Bc4 Rxg2 37.d6 Rg3+
38.Ke4 Rxh3 39.Rxf7 Rc3 40.Bd5  1-0

[Event "ch-VIE"]
[Site "Ho Chi Minh City VIE"]
[Date "2010.03.31"]
[Round "9"]
[White "Bao Khoa"]
[Black "Ton That Nhu Tung"]
[Result "1/2-1/2"]
[WhiteElo "2218"]
[BlackElo "2279"]

1.d4 Nf6 2.Nf3 d5 3.c4 c6 4.Nc3 a6 5.e3 g6 6.Bd3 Bg7 7.O-O O-O 8.a3 Bg4 9.h3 Bxf3
10.Qxf3 e6 11.Rd1 Nbd7 12.b3 Re8 13.Bb2  1/2-1/2

[Event "17th TCh-RUS Higher League"]
[Site "Dagomys RUS"]
[Date "2010.04.04"]
[Round "3"]
[White "Grishchenko,S1"]
[Black "Nechepurenko,R"]
[Result "0-1"]
[WhiteElo "2464"]
[BlackElo "2527"]

1.d4 d5 2.c4 c6 3.Nc3 Nf6 4.Nf3 a6 5.a4 g6 6.Bf4 Bg7 7.a5 dxc4 8.e3 Be6 9.Qa4 Nbd7
10.Ng5 Bd5 11.Bxc4 h6 12.Nf3 b5 13.axb6 Nxb6 14.Bxd5 Nxa4 15.Bxc6+ Nd7 16.Bxa8 Nxc3
17.Bc6 Qb6 18.Bxd7+ Kxd7 19.bxc3 Rc8 20.O-O Rxc3 21.h3 g5 22.Bg3 Ke6 23.Rfb1 Qc6
24.e4 Kd7 25.d5 Qc8 26.Be5 Rxf3 27.Bxg7 Rd3 28.Be5 f6 29.Rc1 Qa8 30.Bg3 a5
31.Rab1 Qa7 32.Bb8 Qd4 33.Rb7+ Kd8 34.Kh2 Qxf2 35.Bd6 Rxh3+  0-1

[Event "17th TCh-RUS Higher League"]
[Site "Dagomys RUS"]
[Date "2010.04.08"]
[Round "7"]
[White "Rozum,I"]
[Black "Popov,Iv RUS"]
[Result "1/2-1/2"]
[WhiteElo "2472"]
[BlackElo "2589"]

1.d4 d5 2.Nf3 Nf6 3.c4 c6 4.Nc3 a6 5.Ne5 dxc4 6.Nxc4 Be6 7.e3 Nbd7 8.Be2 g6
9.O-O Bg7 10.b4 O-O 11.Bb2 Nd5 12.Nxd5 Bxd5 13.Qc2 f5 14.a4 Qc7 15.Rfd1 Rad8
16.Rac1 Qb8 17.Bd3 e5 18.e4 fxe4 19.Bxe4 exd4 20.Bxd4 Bxe4 21.Qxe4 Rde8 22.Qd3  1/2-1/2

[Event "3rd KL Open"]
[Site "Kuala Lumpur MAS"]
[Date "2010.04.08"]
[Round "4"]
[White "Chan,Ni"]
[Black "Ismail,Ah"]
[Result "1-0"]
[WhiteElo "2398"]
[BlackElo "2033"]

1.d4 Nf6 2.Nf3 d5 3.c4 c6 4.Nc3 a6 5.Qb3 e6 6.Bg5 Be7 7.e3 h6 8.Bh4 O-O 9.Be2 Nbd7
10.O-O Qb6 11.Qxb6 Nxb6 12.c5 Nbd7 13.b4 Re8 14.a4 Ne4 15.Nb1 Bxh4 16.Nxh4 g5
17.Nf3 e5 18.Rd1 exd4 19.Nxd4 Ne5 20.f3 Nf6 21.Nd2 Ng6 22.Kf2 Bd7 23.N2b3 Rad8
24.Na5 Rb8 25.Bd3 Ne5 26.Bf1 b6 27.Nab3 Nc4 28.Re1 bxc5 29.bxc5 Rb4 30.Bxc4 Rxc4
31.Rac1 Rb4 32.Na5 Rb2+ 33.Rc2 Reb8 34.Rc1 R8b4 35.Naxc6 Rxc2+ 36.Rxc2 Rc4
37.Rxc4 dxc4 38.Nb4 Bxa4 39.Nxa6 c3 40.Nb4  1-0

[Event "Final Four of College Chess"]
[Site "Brownsville USA"]
[Date "2010.04.11"]
[Round "3"]
[White "Gareev,T"]
[Black "Kritz,L"]
[Result "1-0"]
[WhiteElo "2585"]
[BlackElo "2616"]

1.d4 Nf6 2.Nf3 d5 3.c4 c6 4.Nc3 a6 5.c5 Bf5 6.Bf4 Nbd7 7.e3 g6 8.Nh4 Be6
9.h3 Bg7 10.Bd3 b6 11.cxb6 Qxb6 12.a3 c5 13.Na4 Qa5+ 14.b4 cxb4 15.O-O O-O
16.axb4 Qxb4 17.Qe2 Ne4 18.Nf3 Qb7 19.Rfb1 Qa7 20.Ra3 Nd6 21.Bxd6 exd6 22.Nb6 Nxb6
23.Rxa6 Qc7 24.Raxb6 Rfb8 25.Qb2 Rxb6 26.Qxb6 Qxb6 27.Rxb6 Ra1+ 28.Kh2 Bf8
29.g4 Ra3 30.Bf1 h6 31.Rb7 Kg7 32.Kg3 g5 33.Bb5 Rb3 34.Bc6 Rxb7 35.Bxb7 Be7
36.Ng1 Bd8 37.Ne2 Ba5 38.Kg2 h5 39.gxh5 Kh6 40.h4 gxh4 41.Nf4 h3+ 42.Kg3 Be1
43.Bxd5 Bxd5 44.Nxd5 h2 45.Kxh2 Bxf2 46.Nf6 Bh4 47.Ne4 Be7 48.Ng3 Bg5 49.Kg2 Bh4
50.Nf5+ Kxh5 51.Kf3 Bd8 52.Nxd6 Bc7 53.Nxf7  1-0

[Event "9th Open"]
[Site "Weiz AUT"]
[Date "2010.04.17"]
[Round "3"]
[White "Kragelj,I"]
[Black "Kasparov,S"]
[Result "1/2-1/2"]
[WhiteElo "2226"]
[BlackElo "2481"]

1.d4 d5 2.c4 c6 3.Nf3 Nf6 4.Nc3 a6 5.e3 b5 6.b3 Bg4 7.h3 Bxf3 8.Qxf3 e6 9.Bd2 Nbd7
10.Bd3 Be7 11.O-O O-O 12.Rfd1 Qc7 13.Rac1 Qb7 14.Be1 Rfd8 15.Qe2 Qa7 16.cxd5 cxd5
17.a4 bxa4 18.Nxa4 Rdb8 19.Rc6 Rxb3 20.Rxa6 Qb7 21.Rxa8+ Qxa8 22.Nc3 g6 23.Qc2 Rb8
24.Rb1 Rxb1 25.Qxb1 Kg7 26.Kf1 Qc6 27.Qb5 Qd6 28.g3 h5 29.Qa6 Qc7 30.h4 Ng4
31.Ne2 Ndf6 32.Ba5 Qb8 33.Qb6 Qxb6 34.Bxb6 Ne4 35.Bxe4 dxe4 36.Nc3 f5 37.Ba5 Kf8
38.Ke2 Nh2 39.Na2 Ke8 40.Bb4 Bd8 41.Nc3 Bc7 42.Na4 Nf3 43.Nc3 Kd8 44.Kd1 Kd7
45.Ke2 Kc6 46.Kd1 Nh2 47.Ke2 Bd8 48.Ke1 Ng4 49.Ke2 Nf6 50.Kd2 Nd5 51.Nxd5 exd5
52.Bf8 g5 53.hxg5 Bxg5 54.Ke2 Kd7 55.Bg7 Ke6 56.Be5 Bh6 57.Kd2 Kf7 58.Ke2 Kg6
59.Kd2 Bf8 60.Ke2 Be7 61.Bf4 Bf6 62.Kd2 h4 63.gxh4 Bxh4 64.Ke2 Kh5 65.f3 Bg5
66.Be5 Kh4 67.fxe4 fxe4 68.Bd6  1/2-1/2